| 000 | 00731nam a22002657a 4500 | ||
|---|---|---|---|
| 003 | OSt | ||
| 005 | 20220107122800.0 | ||
| 008 | 150515b xxu||||| |||| 00| 0 eng d | ||
| 020 | _a9789350041048 | ||
| 040 | _cIIITMK | ||
| 082 | _a005.2762J HAL/ O | ||
| 100 |
_aHall, Richard S. _96960 |
||
| 245 | _aOSGi in action: Creating modular applications in Java | ||
| 260 |
_aNew Delhi _bDreamtech Press _c2011 |
||
| 300 | _axxv, 548p. | ||
| 650 |
_aDATA STRUCTURES _96961 |
||
| 650 |
_aOPERATING SYSTEM _96962 |
||
| 650 |
_aPROGRAMMING LANGUAGE _96963 |
||
| 650 |
_aJAVA _96964 |
||
| 650 |
_aOSGI _96965 |
||
| 700 |
_a Pauls, Karl _96966 |
||
| 700 |
_aMcCulloch, Stuart _96967 |
||
| 700 |
_aSavage, David _96968 |
||
| 942 |
_2ddc _cBK |
||
| 999 |
_c4717 _d4717 |
||